00705nam a2200217 i 4500001000300000100004400003245006600047260006600113300002800179504002200207650001200229655003000241015001800271020001800289040000800307041000800315044000800323080001700331008004100348856009800389bg1 aPiotrowski, Ryszardc(elektrotechnika).10aĆwiczenia laboratoryjne z metrologii /cRyszard Piotrowski. aBiałystok :bWydawnictwo Politechniki Białostockiej,c2008. a231 s. :bil. ;c23 cm. aBibliogr. s. 231. 9aPomiary aPodręczniki akademickie aPB 15024/2009 a9788360200568 cBPK apol aPOL a531.7(075.8)090805s2008 pl a f f |000 0 pol  uhttp://koha.tu.koszalin.pl/cgi-bin/koha/opac-detail.pl?biblionumber=56629yKatalog online BPK